United States Circuit courts of appeals reports, with key-number annotations : (Record no. 1164591)
[ view plain ]
| 000 -LEADER | |
|---|---|
| fixed length control field | 01237nam a2200325 a 4500 |
| 001 - CONTROL NUMBER | |
| control field | vtls001720767 |
| 003 - CONTROL NUMBER IDENTIFIER | |
| control field | NLI |
| 005 - DATE AND TIME OF LATEST TRANSACTION | |
| control field | 20210628163117.0 |
| 008 - FIXED-LENGTH DATA ELEMENTS--GENERAL INFORMATION | |
| fixed length control field | 130523m1893uuuunyu 000 0 eng |
| 039 #9 - LEVEL OF BIBLIOGRAPHIC CONTROL AND CODING DETAIL [OBSOLETE] | |
| -- | 201305231618 |
| -- | VLOAD |
| 040 ## - CATALOGING SOURCE | |
| Original cataloging agency | NLI |
| Language of cataloging | eng |
| Transcribing agency | Datasoft_AC |
| Description conventions | AACR2 |
| 041 0# - LANGUAGE CODE | |
| Language code of text/sound track or separate title | eng |
| 044 ## - COUNTRY OF PUBLISHING/PRODUCING ENTITY CODE | |
| MARC country code | nyu |
| 082 04 - DEWEY DECIMAL CLASSIFICATION NUMBER | |
| Classification number | 345.42 |
| 100 0# - MAIN ENTRY--PERSONAL NAME | |
| Personal name | United States, |
| Numeration | Circuit courts |
| 245 10 - TITLE STATEMENT | |
| Title | United States Circuit courts of appeals reports, with key-number annotations : |
| Remainder of title | containing the cases determined in all the circuits from the organization of the courts fully reported with numerous annotations by members of the editorial staff of the national reporter systems / |
| Statement of responsibility, etc. | edited by J. I. Gillbert |
| 246 0# - VARYING FORM OF TITLE | |
| Title proper/short title | C.C.A. reports |
| 246 0# - VARYING FORM OF TITLE | |
| Title proper/short title | CCA reports. |
| 246 0# - VARYING FORM OF TITLE | |
| Display text | On binder |
| Title proper/short title | C.C.A. all circuits. |
| 260 ## - PUBLICATION, DISTRIBUTION, ETC. | |
| Place of publication, distribution, etc. | Albany : |
| Name of publisher, distributor, etc. | Henry B. Parsons, |
| Date of publication, distribution, etc. | 1893- |
| 300 ## - PHYSICAL DESCRIPTION | |
| Extent | -v. ; |
| Dimensions | 24 cm. |
| 650 #0 - SUBJECT ADDED ENTRY--TOPICAL TERM | |
| Topical term or geographic name entry element | Law reports, digests, etc. |
| Geographic subdivision | United States |
| 700 1# - ADDED ENTRY--PERSONAL NAME | |
| Personal name | Gillbert, J. I., |
| Relationship | edt |
| 710 2# - ADDED ENTRY--CORPORATE NAME | |
| Corporate name or jurisdiction name as entry element | Asutosh Collection (National Library, India) |
| 887 ## - NON-MARC INFORMATION FIELD | |
| Content of non-MARC field | |
| 901 ## - LOCAL DATA ELEMENT A, LDA (RLIN) | |
| a | 28895 |
| 9 | v.37 (186-190) |
| 902 ## - LOCAL DATA ELEMENT B, LDB (RLIN) | |
| a | AC 345.42 Nb 1 |
| 949 ## - LOCAL PROCESSING INFORMATION (OCLC) | |
| -- | VIRTUAITEM |
| -- | 10000 |
| -- | 100 |
| 6 | GAC000028895ENG |
| 9 | v.37 (186-190) |
| 942 ## - ADDED ENTRY ELEMENTS (KOHA) | |
| Source of classification or shelving scheme | Dewey Decimal Classification |
| Koha item type | Books |
| Withdrawn status | Lost status | Damaged status | Not for loan | Collection code | Home library | Current library | Shelving location | Date acquired | Total Checkouts | Full call number | Barcode | Date last seen | Price effective from | Koha item type |
|---|---|---|---|---|---|---|---|---|---|---|---|---|---|---|
| National Library of India | National Library of India | AC 345.42 Nb 1 | GAC000028895ENG | 28/06/2021 | 28/06/2021 | Books |
